000 00324 a2200157 4500
001 178589
020 _a
040 _cMagnum
100 _aJunqueira, Sonia
240 1 0 _aJacare predeu a boca
_lpor
245 1 0 _aJacare predeu a boca
362 0 _a1899
440 1 _aModerna
697 _aMAGNITO: GERAL
942 _cBK
999 _c178589
_d178589